000 00727cam a2200229 4500
001 J1230
008 090401t1992 xxu||||| |||| 00| 0 eng d
035 _a(Sirsi) u42410
041 _aeng
110 _aEurope
_bEuropean Communities Council
_92364
245 _aCouncil Regulation (EEC) No. 2078/92 of 30 June 1992 on agricultural production methods compatible with the requirements of the protection of the environment and the maintenance of the countryside.
260 _c1992
300 _a(5)p. ; 30cm.
350 _a0
490 _aRegulation (EEC)
_v2078/92
650 _aCONSERVATION
650 _aEC REGULATIONS
650 _aFARMING
690 _aEUROPE-SINGLE MARKET
942 _n0
948 _c04/03/1997
999 _c91104
_d91104